| 000 | 01336nam a22002297a 4500 | ||
|---|---|---|---|
| 999 |
_c58925 _d58925 |
||
| 003 | Ge_BSU | ||
| 005 | 20221019154547.0 | ||
| 008 | 221019s2022 ge ||||| |||| 00| 0 geo d | ||
| 020 | _a9789941488474 | ||
| 041 | _ageo | ||
| 080 | _a94(479.22) ბ-35 | ||
| 100 |
_aბაციკაძე, გიორგი _915371 |
||
| 245 |
_aეროვნულ-განმათავისუფლებელი მოძრაობა საქართველოში 20 საუკუნის 70-90 იან წლებში / _cგიორგი ბაციკაძე; სამეცნ. ხელმძღვანელი ოთარ გოგოლიშვილი; რედ. ჯემალ კარალიძე, მერაბ მეგრელიშვილი. |
||
| 264 |
_aბათუმი : _bბსუ, _c2022. |
||
| 300 |
_a130 გვ. ; _b20 სმ. |
||
| 504 | _aბიბლიოგრ. გვ. 126-130 | ||
| 653 | _aისტორია | ||
| 700 |
_aგოგოლიშვილი, ოთარ _eსამეცნ. ხელმძღვანელი _915372 |
||
| 700 |
_aკარალიძე, ჯემალ _eრედაქტორი _94089 |
||
| 700 |
_a მეგრელიშვილი, მერაბ _eრედაქტორი _915373 |
||
| 942 |
_2udc _cBK |
||